000 00552nam a2200169Ia 4500
003 GCL
008 140319s9999 xx 000 0 ara d
040 _aGCL /
_cGCL
082 0 4 _aق
_b739.7
_bح ا
100 1 _aحسين عبدالرحيم عليوه
245 1 0 _aالاسلحة الاسلامية بمتحف قصر المنيل بالقاهرة : دراسة أثرية /
_cحسين عبدالرحيم عليوه
300 _a77
490 _aكتاب
_v0
650 0 4 _aالاسلحة
650 0 4 _aمتحف قصر المنيل
942 _2ddc
_cBK
999 _c42238
_d42238